000 01058nam a22002537a 4500
003 PE SENCICO BE
005 20251020182650.0
008 240126b |||||||| |||| 00| 0 eng d
040 _aPE SENCICO BE
_cPE SENCICO BE
084 _aI
_aDIS
_a2018
_bD19
100 1 _91898
_aDávila Arroyo, Giuliana Victoria
_eautor
245 1 _aAtelier de costura /
_cGiuliana Victoria Dávila Arroyo
260 _aLima :
_c2018
300 _a2 v. :
_bil. col.;
_c30 cm.
500 _aTexto en dos volúmenes. El volumen 2 contiene planos (30 x 40 cm.).
502 _aMonografía de Titulación.-- Servicio Nacional de Capacitación para la Industria de la Construcción. Escuela Superior Técnica. Carrera Profesional Técnica en Diseño de Interiores, 2018
650 1 0 _944
_aDiseño de interiores
650 2 0 _99
_aEspacios interiores
650 2 0 _91899
_aTalleres de moda
650 2 0 _9615
_aPlanos
710 1 _aServicio Nacional de Capacitación para la Industria de la Construcción.
_bEscuela Superior Técnica
_91065
910 _bhfp
_chfp
942 _cMON
999 _c4521
_d4521